000 00935nmm a2200277 a 4500
001 ocm000587298
003 TR-IsHL
005 20201028121030.0
008 130705s1997 tu tur
007 cr cn
020 _a9789754100327
035 _a587298
_b(N$T)
050 0 4 _aPL248.M53
_bM5 1997
090 0 4 _aPL248.M53
_bM5 1997
245 1 0 _aMidhat Paşa'nın hatıraları: hayatım ibret olsun. (Tabsıra-i İbret) 1. Cilt
_h[electronic resource] /
_chaz. Osman Selim Kocahanoğlu
250 _a1. bs.
260 _aİstanbul :
_bTemel Yayınları,
_c1997
300 _a488 p.
650 4 _aTarih
650 4 _aHistory
650 0 _aTürk edebiyatı
_x Anılar
650 0 _aTurkish literature
_x Memories
650 7 _aLITERARY COLLECTIONS / Middle Eastern
_2bisacsh
700 1 _aKocahanoğlu, Osman Selim
856 4 0 _uhttp://search.ebscohost.com/login.aspx?direct=true&scope=site&db=e011xww&AN=587298
999 _c1103
_d1103